La Ruta del salmó / de Joan Abellan
Descripción Física:
91 p. ; 18 cm
Colección:
Biblioteca teatral ; 42
MARC
| LEADER | 00000nam a2200000Ia 4500 | ||
|---|---|---|---|
| 001 | 2122 | ||
| 008 | 160829s1985 xx 000 0 cat d | ||
| 080 | |a L-1-229 | ||
| 100 | 1 | |a Abellán, Joan, |d 1946- |9 30606 | |
| 245 | |a La Ruta del salmó / de Joan Abellan | ||
| 260 | |a Barcelona : |b Institut del Teatre de la Diputació de Barcelona : |b Edicions del Mall, |c 1985 | ||
| 300 | |a 91 p. ; |c 18 cm | ||
| 490 | |a Biblioteca teatral ; 42 | ||
| 590 | |a Premi Ignasi Iglesias 1984 | ||
| 710 | 1 | |a Institut del Teatre (Barcelona, Catalunya) |9 52662 | |
| 901 | |a Arxiu | ||
| 942 | |n 1 | ||
| 952 | |0 0 |1 0 |4 0 |6 L1229 |7 1 |9 42145 |a Arxiu |b Arxiu |d 2016-12-01 |l 0 |o L-1-229 |p 2122 |r 2016-12-01 00:00:00 |w 2016-12-01 |y ARXIU | ||
| 999 | |c 44592 |d 44592 | ||